| 000 | 00599cam a2200133 4500500 | ||
|---|---|---|---|
| 005 | 20260111091248.0 | ||
| 041 | _afre | ||
| 042 | _adc | ||
| 245 | 0 | 0 | _aThomas d’Aquin, Le Verbe incarné en ses mystères, t. 3, La sortie du Christ de ce monde, IIIa, q. 46-52, éd. J.-P. Torrell op, Paris, Cerf, 2004, 20x13, 513 p., 50 €. ISBN 2-204-07638-4 |
| 260 | _c2005. | ||
| 500 | _a19 | ||
| 786 | 0 | _nNouvelle revue théologique | 127 | 4 | 2005-12-15 | p. 623x-647x | 0029-4845 | |
| 856 | 4 | 1 | _uhttps://shs.cairn.info/revue-nouvelle-revue-theologique-2005-4-page-623x?lang=fr&redirect-ssocas=7080 |
| 999 |
_c1620749 _d1620749 |
||